LEADER 01155nam a2200229 i 4500 001 000000250685 003 CaOOAMICUS 005 20160812000000.0 008 160812s1977 it u000 u ita u 013 $a229590 040 $aSeMil$bita 245 10$aSettima riunione di studio su "La situazione dell'uomo contemporaneo" :$baspetto storico-psicologico-pedagogico /$cIstituto Superiore di Studi Religiosi "Villa Cagnola" Gazzada (Varese) 260 $a[S.l. :$bs.n.],$c1977. 300 $a71 p. ;$c28 cm. 500 $aAi pie' del front : 21-22 maggio 1977. - Dattiloscritto. 650 4$aAntropologia teologica.$0(OLS)http://semarc/subject/2114 650 4$aUmanesimo contemporaneo.$0(OLS)http://semarc/subject/7564 710 0 $aIstituto Superiore di Studi Religiosi .$0(OLS)http://semarc/name/1950 850 $aSeMil 852 $aSeMil$W1$xVenegono$y1$m6X V 18$j201031$B201031$CSeMilBibl$Z2$F212769 $8B 996 $6245$aSettima riunione di studio su "La situazione dell'uomo contemporaneo" :$baspetto storico-psicologico-pedagogico$9(OLS)http://semarc/title/352861 996 $6260$a[S.l. :$bs.n.]$9(OLS)http://semarc/publisher/29751 LEADER 01877nas a2200277 i 4500 001 000000002203 003 CaOOAMICUS 005 20220217110707.0 008 180830s19141953sz ar p u0 0ger r 040 $aSeMil$bita 240 10$aStudia Friburgensia.$0(OLS)http://semarc/title/3677 245 00$aDivus Thomas :$bJahrbuch für Philosophie und spekulative Theologie /$cbegründet von Dr. Ernst Commer ; herausgeber Dr. G.M. Manser und Dr. G.M. Häfele. 260 $aFreiburg i. d. Schweiz :$bSt. Paulus-Druckerei,$c1914-1953. 300 $a24 cm. 362 0 $a1914-1953 510 4 $aCod. rivista ACNP:$cP 00055345 700 1 $aHäfele, Gallus M. .$0(OLS)http://semarc/name/1895 700 1 $aManser, Gallus M. .$0(OLS)http://semarc/name/1894 700 1 $aCommer, Ernst Ludwig Theodor.$0(OLS)http://semarc/name/1893 710 2 $aUniversität Miséricorde .$0(OLS)http://semarc/name/1892 785 00$tFreiburger Zeitschrift für Philosophie und Theologie.$dFreiburg (Schweiz) : Paulusverlag, 1954-$x0016-0725$w()2305 850 $aSeMil 852 $aSeMil$W1$xVenegono$y1$pCliccare per visualizzare collocazione e posseduto cumulativo

Cliccare per visualizzare eventuali spogli (alla eventuale voce ?Indici? in fondo di pagina)$B240524$CSeMilBibl$Z2$F240524 $85 996 $6245$aDivus Thomas :$bJahrbuch für Philosophie und spekulative Theologie$9(OLS)http://semarc/title/3676 996 $6260$aFreiburg i. d. Schweiz :$bSt. Paulus-Druckerei$9(OLS)http://semarc/publisher/30608